Statistics for greys anatomy

Click here to take the quiz!

General Stats

  • This quiz has been taken 1,240 times
  • The average score is 17 of 28

Answer Stats

Answer% Correct
meredith grey
98%
alex karev
88%
george omalley
84%
cristina yang
84%
derek shepherd
83%
miranda bailey
82%
mark sloan
82%
richard webber
81%
izzie stevens
80%
lexie grey
78%
callie torres
77%
arizona robbins
76%
jackson avery
74%
owen hunt
73%
april kepner
71%
preston burke
65%
addison montgomery
63%
ellis grey
52%
jo wilson
49%
amelia shepherd
49%
teddy altman
48%
erica hahn
44%
catherine avery
33%
stephanie edwards
32%
shane ross
26%
leah murphy
24%
heather brooks
22%
zola grey
11%

Score Distribution

Percentile by Number Answered

Percent of People with Each Score

Your Score History

You have not taken this quiz